00853nam a22002057a 4500999001900000005001700019010001500036020003100051035001400082037001300096082002100109245009800130260004400228270007700272300008300349700002300432700002200455942003500477952013500512 c178422d17842220210330153424.0 aENG-129334 a978-93-5388-388-1c1395.00 aEN-112866 bDBAD/PUB a363.349295610954 aDrought Risk Management i South and South-East Asia/cedited by Indrajit Pal and Mihir Bhatt aNew DelhibSage Publication Indiac2020 aB1/1-1 Mohan Cooperative Industrial Area Mathura RoadbNew Delhie110044 axvii+374p.c22cm(hbk)bIncluding tables, index and bibliographical references. aPal, Indrajit, Ed. aBhatt, Mihir, Ed. 2ddccENh363.349295610954mDRO 001040708NFICaBL4bBL4d2021-03-30eDBAD/PUBg1395.00l0o363.349295610954 DROpEN-112866r2021-03-30 00:00:00t1v1395.00yEN